| 000 | 01195cam a2200349 i 4500 | ||
|---|---|---|---|
| 001 | 768714001 | ||
| 003 | CO-MdFUSB | ||
| 005 | 20201214111537.0 | ||
| 007 | ta | ||
| 008 | 761116t1976 dcu 000 0 eng d | ||
| 020 | _a[No incluye ISBN] | ||
| 040 |
_aBJO _beng _cCO-MdFUSB _dOCL _erda |
||
| 040 |
_aBJO _beng _cCO-MdFUSB _dOCL _erda |
||
| 041 | 1 | _aeng | |
| 082 |
_223 _a230.071 _bT391 |
||
| 090 | _aBS11 | ||
| 110 | 2 |
_aCatholic Church. _bCongregation pro Institutione Catholica. |
|
| 245 | 1 | 4 |
_aThe theological formation of future priests _c/ The Sacred Congregation for Catholic Education. |
| 264 | 1 |
_aWashington : _bUnited States Catholic Conference, _c[1976] |
|
| 264 | 4 | _c© 1976 | |
| 300 |
_a45 páginas ; _c22 cm. |
||
| 336 |
_atexto _btxt _2rdacontent. |
||
| 337 |
_asin mediación _bn _2rdamedia. |
||
| 338 |
_avolumen _bnc _2rdacarrier. |
||
| 505 | _aAspectos de la situación presente. -- Las demandas de la enseñanza teológica. -- Pautas para la enseñanza de la teología. -- Normas prácticas | ||
| 563 | _aRústico | ||
| 650 | 7 |
_9349 _aEducación cristiana |
|
| 653 | _aTeología -- Educación. | ||
| 942 | _cBK | ||
| 945 | _aJTF-925 | ||
| 999 |
_c66132 _d66132 |
||